| 000 | 00448nam a2200145 4500 | ||
|---|---|---|---|
| 001 | 122933 | ||
| 003 | ES-MaACL | ||
| 007 | t| | ||
| 008 | 070214s1980 sp r ||||0| spa d | ||
| 245 | 0 | 0 |
_aProntuario para cálculos y proyectos de construcción / _cAyuso Muñoz... [et al.]. |
| 260 |
_aCórdoba : _b[s. n.], _c1980 ( _fImp. San Pablo) |
||
| 300 |
_aIX, 133 p ; _c30 cm. |
||
| 700 | 1 |
_aMuñoz, Ayuso. _984294 |
|
| 852 |
_aES-MaACL _jL-477 _bR.101424 |
||
| 999 |
_c122933 _d122933 |
||